Elementary soil and water engineering
Spremljeno u:
| Glavni autor: | |
|---|---|
| Format: | Knjiga |
| Jezik: | Undetermined |
| Izdano: |
New York
John Wiley&Sons, Inc
1971
|
| Teme: | |
| Oznake: |
Dodaj oznaku
Bez oznaka, Budi prvi tko označuje ovaj zapis!
|
| Thư viện lưu trữ: | Trung tâm Học liệu Trường Đại học Cần Thơ |
|---|
| LEADER | 00581nam a2200181Ia 4500 | ||
|---|---|---|---|
| 001 | CTU_30184 | ||
| 008 | 210402s9999 xx 000 0 und d | ||
| 082 | |a 631.4 | ||
| 082 | |b S398/2st | ||
| 100 | |a Glenn O Schwab | ||
| 245 | 0 | |a Elementary soil and water engineering | |
| 245 | 0 | |c Glenn O Schwab, Kenneth K Barnes, Richard K Frevert, Talcott W Edminster | |
| 260 | |a New York | ||
| 260 | |b John Wiley&Sons, Inc | ||
| 260 | |c 1971 | ||
| 650 | |a reclamation of land,water - supply engineering | ||
| 904 | |i Liên,990316 | ||
| 980 | |a Trung tâm Học liệu Trường Đại học Cần Thơ | ||